Pour quelles structures ont déjà piloté les pilotes de F1 ?(2024) - Statistiques

Statistiques générales
  • Ce quiz a été pris 284 fois
    226 depuis la dernière actualisation
  • Le résultat moyen est 187 sur 288
Statistiques - réponses
Question Tuile Select % Correct
Lewis Hamilton Enstone (Alpine) Non
98%
Lewis Hamilton Faenza (Racing Bulls) Non
98%
Lewis Hamilton Hinwill (Sauber) Non
98%
Lewis Hamilton Madrid (HRT) Non
98%
Lewis Hamilton Milton Keynes (Red Bull) Non
98%
Lewis Hamilton Banbury (Haas) Non
97%
Lewis Hamilton Dunnington (Manor Racing) Non
97%
Lewis Hamilton Grove (Williams) Non
97%
Lewis Hamilton Silverstone (Aston Martin) Non
97%
Lewis Hamilton Bracley (Mercedes) Oui
94%
George Russell Banbury (Haas) Non
93%
George Russell Dunnington (Manor Racing) Non
93%
George Russell Enstone (Alpine) Non
93%
George Russell Faenza (Racing Bulls) Non
93%
George Russell Hinwill (Sauber) Non
93%
George Russell Maranello (Ferrari) Non
93%
George Russell Milton Keynes (Red Bull) Non
93%
George Russell Silverstone (Aston Martin) Non
93%
George Russell Woking (McLaren) Non
93%
George Russell Madrid (HRT) Non
91%
George Russell Bracley (Mercedes) Oui
90%
Sergio Perez Banbury (Haas) Non
86%
Sergio Perez Maranello (Ferrari) Non
86%
Sergio Perez Bracley (Mercedes) Non
85%
George Russell Grove (Williams) Oui
85%
Sergio Perez Grove (Williams) Non
85%
Max Verstappen Banbury (Haas) Non
84%
Max Verstappen Bracley (Mercedes) Non
84%
Max Verstappen Dunnington (Manor Racing) Non
84%
Max Verstappen Enstone (Alpine) Non
84%
Max Verstappen Grove (Williams) Non
84%
Max Verstappen Hinwill (Sauber) Non
84%
Max Verstappen Madrid (HRT) Non
84%
Max Verstappen Maranello (Ferrari) Non
84%
Max Verstappen Silverstone (Aston Martin) Non
84%
Max Verstappen Woking (McLaren) Non
84%
Lewis Hamilton Woking (McLaren) Oui
83%
Charles Leclerc Bracley (Mercedes) Non
82%
Charles Leclerc Enstone (Alpine) Non
82%
Charles Leclerc Faenza (Racing Bulls) Non
82%
Charles Leclerc Grove (Williams) Non
82%
Charles Leclerc Madrid (HRT) Non
82%
Charles Leclerc Maranello (Ferrari) Oui
82%
Sergio Perez Milton Keynes (Red Bull) Oui
82%
Max Verstappen Milton Keynes (Red Bull) Oui
82%
Charles Leclerc Milton Keynes (Red Bull) Non
82%
Charles Leclerc Silverstone (Aston Martin) Non
82%
Charles Leclerc Woking (McLaren) Non
82%
Charles Leclerc Dunnington (Manor Racing) Non
81%
Sergio Perez Faenza (Racing Bulls) Non
81%
Sergio Perez Madrid (HRT) Non
80%
Charles Leclerc Banbury (Haas) Non
79%
Carlos Sainz Banbury (Haas) Non
79%
Carlos Sainz Bracley (Mercedes) Non
79%
Carlos Sainz Hinwill (Sauber) Non
79%
Carlos Sainz Silverstone (Aston Martin) Non
79%
Carlos Sainz Dunnington (Manor Racing) Non
78%
Carlos Sainz Madrid (HRT) Non
78%
Sergio Perez Enstone (Alpine) Non
77%
Carlos Sainz Maranello (Ferrari) Oui
76%
Oscar Piastri Banbury (Haas) Non
75%
Fernando Alonso Banbury (Haas) Non
75%
Oliver Bearman Bracley (Mercedes) Non
75%
Oscar Piastri Dunnington (Manor Racing) Non
75%
Oliver Bearman Faenza (Racing Bulls) Non
75%
Oliver Bearman Grove (Williams) Non
75%
Oscar Piastri Grove (Williams) Non
75%
Oliver Bearman Hinwill (Sauber) Non
75%
Oscar Piastri Hinwill (Sauber) Non
75%
Oliver Bearman Madrid (HRT) Non
75%
Oscar Piastri Madrid (HRT) Non
75%
Oscar Piastri Maranello (Ferrari) Non
75%
Oscar Piastri Milton Keynes (Red Bull) Non
75%
Fernando Alonso Milton Keynes (Red Bull) Non
75%
Oliver Bearman Silverstone (Aston Martin) Non
75%
Oliver Bearman Woking (McLaren) Non
75%
Lando Norris Banbury (Haas) Non
74%
Lance Stroll Banbury (Haas) Non
74%
Yuki Tsunoda Banbury (Haas) Non
74%
Lando Norris Bracley (Mercedes) Non
74%
Oscar Piastri Bracley (Mercedes) Non
74%
Fernando Alonso Bracley (Mercedes) Non
74%
Lance Stroll Bracley (Mercedes) Non
74%
Yuki Tsunoda Bracley (Mercedes) Non
74%
Oliver Bearman Dunnington (Manor Racing) Non
74%
Lando Norris Dunnington (Manor Racing) Non
74%
Oliver Bearman Enstone (Alpine) Non
74%
Lando Norris Enstone (Alpine) Non
74%
Lando Norris Faenza (Racing Bulls) Non
74%
Oscar Piastri Faenza (Racing Bulls) Non
74%
Lance Stroll Faenza (Racing Bulls) Non
74%
Lando Norris Grove (Williams) Non
74%
Yuki Tsunoda Grove (Williams) Non
74%
Lando Norris Hinwill (Sauber) Non
74%
Yuki Tsunoda Hinwill (Sauber) Non
74%
Lando Norris Madrid (HRT) Non
74%
Yuki Tsunoda Madrid (HRT) Non
74%
Lando Norris Maranello (Ferrari) Non
74%
Lance Stroll Maranello (Ferrari) Non
74%
Yuki Tsunoda Maranello (Ferrari) Non
74%
Oliver Bearman Milton Keynes (Red Bull) Non
74%
Lando Norris Milton Keynes (Red Bull) Non
74%
Lance Stroll Milton Keynes (Red Bull) Non
74%
Lando Norris Silverstone (Aston Martin) Non
74%
Oscar Piastri Silverstone (Aston Martin) Non
74%
Yuki Tsunoda Silverstone (Aston Martin) Non
74%
Lando Norris Woking (McLaren) Oui
74%
Oscar Piastri Woking (McLaren) Oui
74%
Lance Stroll Woking (McLaren) Non
74%
Yuki Tsunoda Woking (McLaren) Non
74%
Sergio Perez Dunnington (Manor Racing) Non
73%
Yuki Tsunoda Dunnington (Manor Racing) Non
73%
Yuki Tsunoda Enstone (Alpine) Non
73%
Fernando Alonso Grove (Williams) Non
73%
Fernando Alonso Hinwill (Sauber) Non
73%
Lance Stroll Hinwill (Sauber) Non
73%
Lance Stroll Madrid (HRT) Non
73%
Daniel Ricciardo Banbury (Haas) Non
72%
Daniel Ricciardo Bracley (Mercedes) Non
72%
Daniel Ricciardo Grove (Williams) Non
72%
Daniel Ricciardo Maranello (Ferrari) Non
72%
Carlos Sainz Milton Keynes (Red Bull) Non
72%
Lance Stroll Silverstone (Aston Martin) Oui
72%
Daniel Ricciardo Silverstone (Aston Martin) Non
72%
Daniel Ricciardo Dunnington (Manor Racing) Non
71%
Lance Stroll Enstone (Alpine) Non
71%
Yuki Tsunoda Faenza (Racing Bulls) Oui
71%
Esteban Ocon Faenza (Racing Bulls) Non
71%
Daniel Ricciardo Hinwill (Sauber) Non
71%
Esteban Ocon Maranello (Ferrari) Non
71%
Esteban Ocon Milton Keynes (Red Bull) Non
71%
Esteban Ocon Woking (McLaren) Non
71%
Pierre Gasly Banbury (Haas) Non
70%
Pierre Gasly Bracley (Mercedes) Non
70%
Pierre Gasly Dunnington (Manor Racing) Non
70%
Esteban Ocon Grove (Williams) Non
70%
Pierre Gasly Grove (Williams) Non
70%
Esteban Ocon Hinwill (Sauber) Non
70%
Pierre Gasly Hinwill (Sauber) Non
70%
Pierre Gasly Madrid (HRT) Non
70%
Pierre Gasly Maranello (Ferrari) Non
70%
Pierre Gasly Woking (McLaren) Non
70%
Fernando Alonso Dunnington (Manor Racing) Non
69%
Lance Stroll Dunnington (Manor Racing) Non
69%
Esteban Ocon Enstone (Alpine) Oui
69%
Pierre Gasly Enstone (Alpine) Oui
69%
Pierre Gasly Silverstone (Aston Martin) Non
69%
Nico Hulkenberg Faenza (Racing Bulls) Non
67%
Fernando Alonso Madrid (HRT) Non
67%
Nico Hulkenberg Maranello (Ferrari) Non
67%
Daniel Ricciardo Milton Keynes (Red Bull) Oui
67%
Nico Hulkenberg Milton Keynes (Red Bull) Non
67%
Fernando Alonso Silverstone (Aston Martin) Oui
67%
Esteban Ocon Bracley (Mercedes) Non
66%
Nico Hulkenberg Bracley (Mercedes) Non
66%
Fernando Alonso Enstone (Alpine) Oui
66%
Esteban Ocon Madrid (HRT) Non
66%
Oliver Bearman Banbury (Haas) Oui
65%
Max Verstappen Faenza (Racing Bulls) Oui
65%
Carlos Sainz Woking (McLaren) Oui
65%
Charles Leclerc Hinwill (Sauber) Oui
64%
Kevin Magnussen Bracley (Mercedes) Non
62%
Nico Hulkenberg Dunnington (Manor Racing) Non
62%
Oscar Piastri Enstone (Alpine) Non
62%
Kevin Magnussen Faenza (Racing Bulls) Non
62%
Kevin Magnussen Grove (Williams) Non
62%
Fernando Alonso Maranello (Ferrari) Oui
62%
Kevin Magnussen Maranello (Ferrari) Non
62%
Kevin Magnussen Milton Keynes (Red Bull) Non
62%
Kevin Magnussen Silverstone (Aston Martin) Non
62%
Kevin Magnussen Banbury (Haas) Oui
61%
Nico Hulkenberg Madrid (HRT) Non
61%
Fernando Alonso Woking (McLaren) Oui
61%
Daniel Ricciardo Woking (McLaren) Oui
61%
Nico Hulkenberg Woking (McLaren) Non
61%
Nico Hulkenberg Banbury (Haas) Oui
59%
Alexander Albon Banbury (Haas) Non
59%
Alexander Albon Bracley (Mercedes) Non
59%
Kevin Magnussen Dunnington (Manor Racing) Non
59%
Alexander Albon Dunnington (Manor Racing) Non
59%
Alexander Albon Enstone (Alpine) Non
59%
Daniel Ricciardo Faenza (Racing Bulls) Oui
59%
Pierre Gasly Faenza (Racing Bulls) Oui
59%
Alexander Albon Hinwill (Sauber) Non
59%
Alexander Albon Madrid (HRT) Non
59%
Alexander Albon Maranello (Ferrari) Non
59%
Alexander Albon Silverstone (Aston Martin) Non
59%
Alexander Albon Woking (McLaren) Non
59%
Kevin Magnussen Madrid (HRT) Non
58%
Oliver Bearman Maranello (Ferrari) Oui
58%
Logan Sargeant Bracley (Mercedes) Non
57%
Logan Sargeant Dunnington (Manor Racing) Non
57%
Kevin Magnussen Hinwill (Sauber) Non
57%
Logan Sargeant Hinwill (Sauber) Non
57%
Logan Sargeant Maranello (Ferrari) Non
57%
Logan Sargeant Milton Keynes (Red Bull) Non
57%
Logan Sargeant Silverstone (Aston Martin) Non
57%
Logan Sargeant Woking (McLaren) Non
57%
Logan Sargeant Enstone (Alpine) Non
56%
Alexander Albon Grove (Williams) Oui
56%
Lewis Hamilton Maranello (Ferrari) Non
56%
Logan Sargeant Banbury (Haas) Non
55%
Franco Colapinto Bracley (Mercedes) Non
55%
Franco Colapinto Dunnington (Manor Racing) Non
55%
Logan Sargeant Faenza (Racing Bulls) Non
55%
Franco Colapinto Faenza (Racing Bulls) Non
55%
Franco Colapinto Hinwill (Sauber) Non
55%
Logan Sargeant Madrid (HRT) Non
55%
Franco Colapinto Maranello (Ferrari) Non
55%
Franco Colapinto Milton Keynes (Red Bull) Non
55%
Franco Colapinto Silverstone (Aston Martin) Non
55%
Franco Colapinto Woking (McLaren) Non
55%
Franco Colapinto Banbury (Haas) Non
54%
Franco Colapinto Madrid (HRT) Non
54%
Valtteri Bottas Banbury (Haas) Non
53%
Valtteri Bottas Dunnington (Manor Racing) Non
53%
Valtteri Bottas Enstone (Alpine) Non
53%
Carlos Sainz Faenza (Racing Bulls) Oui
53%
Valtteri Bottas Faenza (Racing Bulls) Non
53%
Logan Sargeant Grove (Williams) Oui
53%
Valtteri Bottas Maranello (Ferrari) Non
53%
Pierre Gasly Milton Keynes (Red Bull) Oui
53%
Valtteri Bottas Milton Keynes (Red Bull) Non
53%
Valtteri Bottas Silverstone (Aston Martin) Non
53%
Valtteri Bottas Woking (McLaren) Non
53%
Valtteri Bottas Madrid (HRT) Non
51%
Alexander Albon Milton Keynes (Red Bull) Oui
50%
Valtteri Bottas Bracley (Mercedes) Oui
49%
Daniel Ricciardo Enstone (Alpine) Oui
49%
Guanyu Zhou Bracley (Mercedes) Non
48%
Guanyu Zhou Dunnington (Manor Racing) Non
48%
Guanyu Zhou Enstone (Alpine) Non
48%
Guanyu Zhou Grove (Williams) Non
48%
Guanyu Zhou Madrid (HRT) Non
48%
Guanyu Zhou Milton Keynes (Red Bull) Non
48%
Guanyu Zhou Woking (McLaren) Non
48%
Carlos Sainz Enstone (Alpine) Oui
47%
Guanyu Zhou Faenza (Racing Bulls) Non
47%
Guanyu Zhou Silverstone (Aston Martin) Non
47%
Liam Lawson Bracley (Mercedes) Non
46%
Liam Lawson Bracley (Mercedes) Non
46%
Liam Lawson Enstone (Alpine) Non
46%
Liam Lawson Hinwill (Sauber) Non
46%
Liam Lawson Madrid (HRT) Non
46%
Liam Lawson Maranello (Ferrari) Non
46%
Liam Lawson Silverstone (Aston Martin) Non
46%
Liam Lawson Woking (McLaren) Non
46%
Guanyu Zhou Banbury (Haas) Non
45%
Jack Doohan Bracley (Mercedes) Non
45%
Jack Doohan Bracley (Mercedes) Non
45%
Liam Lawson Dunnington (Manor Racing) Non
45%
Jack Doohan Faenza (Racing Bulls) Non
45%
Liam Lawson Grove (Williams) Non
45%
Jack Doohan Grove (Williams) Non
45%
Guanyu Zhou Hinwill (Sauber) Oui
45%
Jack Doohan Hinwill (Sauber) Non
45%
Jack Doohan Madrid (HRT) Non
45%
Guanyu Zhou Maranello (Ferrari) Non
45%
Jack Doohan Maranello (Ferrari) Non
45%
Yuki Tsunoda Milton Keynes (Red Bull) Non
45%
Jack Doohan Milton Keynes (Red Bull) Non
45%
Jack Doohan Silverstone (Aston Martin) Non
45%
Jack Doohan Woking (McLaren) Non
45%
Jack Doohan Dunnington (Manor Racing) Non
44%
Jack Doohan Enstone (Alpine) Oui
44%
Franco Colapinto Grove (Williams) Oui
44%
Liam Lawson Faenza (Racing Bulls) Oui
43%
Carlos Sainz Grove (Williams) Non
43%
Nico Hulkenberg Hinwill (Sauber) Oui
43%
Alexander Albon Faenza (Racing Bulls) Oui
42%
Lance Stroll Grove (Williams) Oui
42%
Valtteri Bottas Hinwill (Sauber) Oui
42%
Esteban Ocon Banbury (Haas) Non
39%
Nico Hulkenberg Enstone (Alpine) Oui
37%
Franco Colapinto Enstone (Alpine) Non
36%
Sergio Perez Hinwill (Sauber) Oui
34%
Sergio Perez Woking (McLaren) Oui
34%
Valtteri Bottas Grove (Williams) Oui
30%
Sergio Perez Silverstone (Aston Martin) Oui
29%
Kevin Magnussen Woking (McLaren) Oui
27%
Esteban Ocon Dunnington (Manor Racing) Oui
26%
Nico Hulkenberg Silverstone (Aston Martin) Oui
24%
Liam Lawson Milton Keynes (Red Bull) Non
23%
Esteban Ocon Silverstone (Aston Martin) Oui
19%
Kevin Magnussen Enstone (Alpine) Oui
16%
Daniel Ricciardo Madrid (HRT) Oui
14%
Nico Hulkenberg Grove (Williams) Oui
12%
Fernando Alonso Faenza (Racing Bulls) Oui
5%
Aucun quiz correspondant
Distribution des résultats
% des personnes avec chaque résultat
Percentile par nombre de réponses
Votre historique - résultats
Vous n’avez pas pris ce quiz depuis la dernière actualisation